Language Quiz

Random Language or Latin Quiz

Greek/Latin Roots I Quiz Stats

 Plays Quiz not verified by Sporcle

Challenge
Share
Tweet
Score 0/155 Timer 20:00
0 Plays Today
% Correct
geo
74.1%
micro
73.4%
ology
72%
phobia
72%
bio
70.6%
tri
69.2%
anti
69.2%
octa
65.7%
pre
65.7%
bi
65%
mono
64.3%
homo
62.9%
derma
62.2%
therm
61.5%
poly
60.8%
dent/dont
59.4%
-cide
59.4%
biblio
58.7%
chron
58.7%
hetero
58%
bene
58%
auto
57.3%
psych
56.6%
post
56.6%
mort
56.6%
pod/ped
55.9%
meter
55.9%
mal
55.9%
pyro
55.2%
cardi
55.2%
noct
55.2%
pent
54.5%
pater
51.7%
corp
51.7%
sub
51.7%
photo
51%
athalon
49.7%
chrom
49%
frater
48.3%
mater
48.3%
anni/enni
46.9%
hemo
46.2%
anthro
45.5%
theo
44.8%
cosm
44.8%
demo
44.1%
neur
44.1%
gyn
42.7%
phono
42%
phil
42%
ante
42%
opt
42%
% Correct
vita
42%
naut
41.3%
ambi
41.3%
hyper
40.6%
somni
39.9%
civ
39.9%
pan
39.2%
ego
39.2%
dorm
39.2%
graphy
38.5%
poli
38.5%
carn
38.5%
man
37.8%
herb
37.8%
andr
36.4%
onym
36.4%
juv
35.7%
vis/vid
35.7%
verb
35%
brev
35%
ami/amo
35%
prim(e)
35%
-ist
34.3%
ped
34.3%
fort
34.3%
-itis
34.3%
xen
33.6%
peri
33.6%
struc
33.6%
ambul
32.9%
tele
32.2%
hypo
32.2%
soro
32.2%
gen
31.5%
rupt
31.5%
ora
31.5%
gam
30.8%
cap
30.8%
publ
30.8%
pac
30.1%
apt/ept
29.4%
vibr
29.4%
optim
29.4%
glot/gloss
28.7%
petr
28.7%
ject
28.7%
-ess
28.7%
ortho
28%
arium/orium
28%
sect
28%
alter
28%
lexi
28%
% Correct
-ish
27.3%
punct
27.3%
uti
27.3%
-or
27.3%
cracy
25.9%
arch
25.9%
-est
25.9%
retro
25.2%
-ee
24.5%
flect
23.8%
mis
23.8%
dyna
23.8%
locut/loqut
23.8%
phys
23.1%
sens
23.1%
spir
23.1%
-esque
23.1%
fid(e)
23.1%
tom(y)
22.4%
flu
22.4%
mit
22.4%
crypt
22.4%
path
21.7%
sen
21.7%
spect
21.7%
olig
21%
don
21%
son
20.3%
-ic
19.6%
dox
19.6%
agogue
19.6%
lust
19.6%
iatr
18.9%
oid
18.2%
holo
18.2%
raz
18.2%
test
18.2%
-cle/-ule
17.5%
-ity
16.8%
put(e)
16.8%
plac
16.8%
turb
16.1%
cur
16.1%
mim
15.4%
dys
15.4%
dext
14.7%
voc(k)
13.3%
-hood
13.3%
crea
11.9%
-ite
11.2%
vet
8.4%

You're not logged in!

Compare scores with friends on all Sporcle quizzes.
OR
Log In

You Might Also Like...

Show Comments

Extras

Top Quizzes Today


Score Distribution

Your Account Isn't Verified!

In order to create a playlist on Sporcle, you need to verify the email address you used during registration. Go to your Sporcle Settings to finish the process.

Report this User

Report this user for behavior that violates our Community Guidelines.

Details: